Úverové produkty vybraných komerčných bánk pre mestá a obce bakalárska práca

Gespeichert in:
Bibliographische Detailangaben
1. Verfasser: Nagyová, Beáta
Körperschaft: Národohospodárska fakulta EU. Katedra bankovníctva a medzinárodných financií
Weitere Verfasser: Střelecká, Zdenka
Format: Buch
Sprache:Slowakisch
Veröffentlicht: Bratislava 2009
Tags: Tag hinzufügen
Keine Tags, Fügen Sie das erste Tag hinzu!

MARC

LEADER 00000nam$a2200000$$$4500
001 0100186
005 20240319123420.9
041 0 |a slo 
044 |a SK 
245 1 0 |a Úverové produkty vybraných komerčných bánk pre mestá a obce  |b bakalárska práca  |c Beáta Nagyová ; škol. Zdenka Střelecká 
264 1 |a Bratislava  |c 2009 
300 |a 67 s. 
100 1 |a Nagyová, Beáta 
700 1 |a Střelecká, Zdenka 
710 2 |a Národohospodárska fakulta EU. Katedra bankovníctva a medzinárodných financií